| 000 | 00824nam a2200229 a 4500 | ||
|---|---|---|---|
| 001 | 000026459 | ||
| 005 | 20200930030233.0 | ||
| 008 | 110318s1988 dr a 001 0 spa d | ||
| 040 |
_aDO-SdBNP _bspa _cBNPHU |
||
| 041 | 1 | 7 | _aeng |
| 082 |
_a917.293 _bN372s |
||
| 100 | 1 |
_aNeedler, Geoffrey _953517 |
|
| 245 | 1 | 0 |
_aSanto Domingo A to Z : _bthe visitor´s complete guide / _cby Geoffrey Needler. |
| 260 |
_aSanto Domingo : _bTaller, _c1988. |
||
| 300 |
_a177 p : _bil. ; _c23 cm. |
||
| 546 | _aInglés | ||
| 650 | 4 |
_aCiudades y pueblos _zRepública Dominicana _xGuías _953518 |
|
| 651 | 4 |
_aSanto Domingo (República Dominicana{Rpara} _xDescripción _xGuías _953519 |
|
| 651 | 4 |
_aSanto Domingo (República Dominicana{Rpara} _xDescripciones Y Viajes _xGuías _953520 |
|
| 910 | _aValidado. Control de calidad EMS | ||
| 049 | _aBNPD | ||
| 999 |
_c25951 _d25951 |
||